000 00423nam a22001817a 4500
003 OSt
005 20230713131243.0
008 230713b |||||||| |||| 00| 0 eng d
020 _a9780670082841
082 _a305.433
_bKIDS
100 _aKIDWAI, Rasheed
245 _aSonia : a biography
260 _aDelhi
_bPenguin Viking
_c2009
300 _a231p
546 _aEnglish
650 _aSocial Science
942 _2ddc
_cBK
999 _c3261
_d3261